Counter-Strike Major Champions - Statistics

General Stats
  • This quiz has been taken 1,891 times
    114 since last reset
  • The average score is 18 of 22
Answer Stats
Tournament Year Runner-Up Champion % Correct
Blast.tv Austin 2025 The MongolZ Vitality
100%
PGL: Copenhagen 2024 FaZe Clan Na'Vi
94%
Perfect World Shanghai 2024 FaZe Clan Spirit
94%
BLAST.tv Paris 2023 GamerLegion Vitality
93%
PGL: Antwerp 2022 Na'Vi FaZe Clan
87%
PGL: Stockholm 2021 G2 Esports Na'Vi
86%
IEM: Katowice 2019 ENCE Astralis
85%
FACIT: London 2018 Na'Vi Astralis
85%
StarLadder Berlin 2019 Avangar Astralis
84%
Dreamhack Winter 2013 Ninjas In Pyjamas Fnatic
82%
IEM: Rio 2022 Heroic Outsiders
82%
ESL One: Cologne 2014 Fnatic Ninjas in Pyjamas
80%
ELEAGUE: Atlanta 2017 Virtus.Pro Astralis
76%
ELEAGUE: Boston 2018 FaZe Clan Cloud9
76%
ESL One: Katowice 2015 Ninjas in Pyjamas Fnatic
76%
ESL Major Series One: Katowice 2014 Ninjas in Pyjamas Virtus.Pro
73%
Dreamhack Open Cluj-Napoca 2015 Na'Vi EnvyUs
71%
MLG Championship: Columbus 2016 Na'Vi Luminosity Gaming
70%
ESL One: Cologne 2015 EnvyUs Fnatic
69%
PGL: Kraków 2017 Immortals Gambit Gaming
68%
ESL One: Cologne 2016 Team Liquid SK Gaming
66%
Dreamhack Winter 2014 Ninjas in Pyjamas LDLC
62%
No matching quizzes found
Score Distribution
Percent of People with Each Score
Percentile by Number Answered
Your Score History
You have not taken this quiz since the last reset